00638aam a2200229 450000500170000000800410001702000150005804100080007308200170008110000290009824500550012726000240018230000190020665000250022565000160025065000230026665000250028965000370031494200130035199900150036495200290037920231012110716.0150601b2004 xxu||||| |||| 00| 0 spa d a8497351355 aESP a306.88 G797i aGreen, Raymond B.921114 aInfieles: 180 trucos para descubrir la infidelidad aEpañabAmatc2000 a144 páginas  aRELACIONES DE PAREJA aINFIDELIDAD aSIGNOS REVELADORES aTRUCOS DE VIGILANCIA aDESCUBRIMIENTO DE LA INFIDELIDAD cLIT2ddc c2455d2455 o306.88 G797ip15291yLIT